Creative Oxford : its influence in Victorian literature /

Bibliographic Details
Main Author: Knickerbocker, William Skinkle, 1892-
Format: Book
Language:English
Published: Syracuse, N.Y. : Syracuse university book store, [1925]
Subjects:

MARC

Tag First Indicator Second Indicator Subfields
LEADER 00000cam a2200000 4500
001 in00000034771
005 20151007062030.0
008 780204s1925 nyu b 00010 eng
010 |a  25020309  
035 |a (OCoLC)03603617 
035 |9 AAD3787AM 
040 |a DLC  |c TLM  |d TXA  |d UtOrBLW 
049 |a TXAM  |c [236275] 
050 0 0 |a PR468.O8  |b K5 
092 |a 820.9  |b K69c 
100 1 |a Knickerbocker, William Skinkle,  |d 1892- 
245 1 0 |a Creative Oxford :  |b its influence in Victorian literature /  |c by William S. Knickerbocker ... 
264 1 |a Syracuse, N.Y. :  |b Syracuse university book store,  |c [1925] 
264 4 |c [©1925] 
300 |a ix, 224 pages ;  |c 23 cm. 
336 |a text  |b txt  |2 rdacontent 
337 |a unmediated  |b n  |2 rdamedia 
338 |a volume  |b nc  |2 rdacarrier 
500 |a Issued also as thesis (Ph.D.) Columbia University. 
504 |a Bibliography: pages 209-219. 
610 1 0 |a University of Oxford. 
650 0 |a English literature  |y 19th century  |x History and criticism. 
651 0 |a Great Britain  |x Intellectual life. 
999 |a MARS 
999 f f |s 2005ccda-b973-340d-83f4-2c84592533b5  |i b5c1d73c-4782-33d2-a958-763d46bcfeef  |t 0 
952 f f |p normal  |a Texas A&M University  |b College Station  |c Sterling C. Evans Library  |d Evans: Library Stacks  |t 0  |e PR468.O8 K5  |h Library of Congress classification  |i unmediated -- volume  |m A14801272194 
998 f f |a PR468.O8 K5  |t 0  |l Evans: Library Stacks